| 000 | 00640nam a2200193 i 4500 | ||
|---|---|---|---|
| 001 | 78634 | ||
| 003 | ES-MaACL | ||
| 005 | 20230906173753.0 | ||
| 007 | t| | ||
| 008 | 041015s1933 fr ||||1| fre d | ||
| 100 | 1 |
_aHauvette, Henri. _962136 |
|
| 245 | 1 | 4 |
_aLa "morte vivante" _b: étude de litterature comparée / _cHenri Hauvette. |
| 260 |
_aParis : _bBoivin, _c1933 ( _fSociété Français d'Imprimerie) |
||
| 300 |
_aVI, 216 p. ; _c20 cm. |
||
| 490 | 1 | _aBibliotheque de la Revue de Cours et Conferences | |
| 830 | 0 |
_aBibliotheque de la Revue de Cours et Conferences _9231404 |
|
| 852 |
_aES-MaACL _jA-2741 |
||
| 999 |
_c78634 _d78634 |
||